| 000 | 00777cam a22002411 4500 | ||
|---|---|---|---|
| 001 | gs 07000448 | ||
| 003 | DLC | ||
| 005 | 20260227111305.0 | ||
| 008 | 790306s1892 nyu s000 0 eng | ||
| 010 | _ags 07000448 | ||
| 035 | _a(OCoLC)4714854 | ||
| 040 |
_aDLC _cUU _dNBrockU _dDLC |
||
| 042 | _apremarc | ||
| 050 | 0 | 0 |
_aQL430.7.U6 _bM45 |
| 100 | 1 | _aMarshall, William Blanchard. | |
| 245 | 1 | 0 |
_aPreliminary list of New York Unionidae, _cby William B. Marshall ... |
| 260 |
_aAlbany, _bUniversity of the state of New York, _c1892. |
||
| 300 |
_a[3]-17 p. _c23 cm. |
||
| 440 | 0 |
_aBulletin of the New York State Museum, _vv. 1, no. 1 |
|
| 500 | _aCover title. | ||
| 650 | 0 | _aUnionidae. | |
| 830 | 0 |
_aBulletin of the New York State Museum of Natural History ; _vv. 1, no. 1. |
|
| 999 |
_c24579 _d24579 |
||